Ulaşılabilirlik için Avrupa el kitabı (Record no. 5323)

MARC details
000 -BAŞLIK
Sabit Uzunlukta Kontrol Alanı 00679na a2200229 4500
001 - KONTROL NUMARASI
Denetim Alanı 13227
003 - KONTROL NUMARASI IDENTIFIER
Denetim Alanı MIRAKIL
005 - SON İŞLEM TARİHİ VE ZAMANI
Denetim Alanı 20181213155033.0
008 - SABİT-BOY VERİ ELEMANLARI - GENEL BİLGİLER
Sabit Uzunlukta Kontrol Alanı 161101b tu 000 0
035 ## - SİSTEM KONTROL NUMARASI
Sistem Kontrol Numarası 13227
040 ## - KATALOGLAMA KAYNAK
Orijinal Kataloglama Ajansı Milas
Kataloglama Dili tur
Metne Dönüştürmek Ajansı TR-AnCHP
041 ## - DİL KODU
Metin / Ses Parça Veya Ayrı Başlığın Dil Kodu tur
082 ## - DEWEY ONLU SINIFLANDIRMA NUMARASI
Sınıflandırma Numarası 362.4
Ürün Numarası U42 1995
090 ## - SINIFLAMA NUMARASI
Sınıflama Numarası 362.4 U42 1995
245 ## - BAŞLIK TABLOSU
Başlık Ulaşılabilirlik için Avrupa el kitabı
Sorumluluk Tablosu, Vb çeviri Hamide Tokmak
260 ## - YAYIN, DAĞITIM, VB
Yayın, Dağıtım, Vb Yeri Ankara
Yayıncı, Dağıtıcı, Vs Adı Bayındırlık ve İskan Bakanlığı
Yayın, Dağıtım, Vb Tarihi 1995
300 ## - FİZİKSEL TANIM
Kapsam 104 s.
Diğer Fiziksel Ayrıntıları şkl
Boyutlar 24 sm.
650 ## - KONU KATMA GİRİŞ - TOPİKAL DÖNEM
Topikal Süreli Veya Coğrafi Ad Giriş Elemanı Sosyal hizmetler
Genel Alt Bölümü Engelliler
Kronolojik Alt Bölümü El kitapları, vb.
650 ## - KONU KATMA GİRİŞ - TOPİKAL DÖNEM
Topikal Süreli Veya Coğrafi Ad Giriş Elemanı Toplumsal sorunlar
Genel Alt Bölümü Engelliler
Kronolojik Alt Bölümü Ulaşım
700 ## - KATMA GİRİŞ - KİŞİSEL İSİM
Kişisel Ad Tokmak, Hamide
942 ## - EKLENDİ GİRİŞ ELEMANLARI (KOHA)
Sınıflandırma Veya Raf Düzeni Kaynak Dewey Decimal Classification
Koha Öğesi Türü Books
999 ## - SİSTEM KONTROL NUMARALARI (KOHA)
Koha Biblionumber 5323
Koha Biblioitemnumber 5323
Holdings
Kalıcı Konum Mevcut Konum Edinme Tarihi Edinim Kaynak Toplam Check-Out'Lar Tam Çağrı Numarası Barkod Tarih Son Görülme İtibaren Geçerli Fiyatlar Koha Öğesi Türü
CHP Kütüphanesi CHP Kütüphanesi 08/11/2016 Bağış   362.4 U42 1995 000916 08/11/2016 08/11/2016 Books